Catálogo de la Biblioteca Horacio González - Universidad Nacional de General Sarmiento

La infancia de Ivan (Registro nro. 54348)

Detalles MARC
000 -CABECERA
campo de control de longitud fija 01341ngm a22003130a 4500
001 - NÚMERO DE CONTROL
campo de control PT16566
003 - IDENTIFICADOR DEL NÚMERO DE CONTROL
campo de control AR-LpoUNG
005 - FECHA Y HORA DE LA ÚLTIMA TRANSACCIÓN
campo de control 20210202000217.0
007 - CAMPO FIJO DE DESCRIPCIÓN FÍSICA--INFORMACIÓN GENERAL
campo de control de longitud fija vd cvaizq
008 - DATOS DE LONGITUD FIJA--INFORMACIÓN GENERAL
campo de control de longitud fija 191001s1962||||ag |||||||||||||||||rus d
037 ## - FUENTE DE ADQUISICIÓN
Condiciones de disponibilidad $6.63
040 ## - FUENTE DE LA CATALOGACIÓN
Centro catalogador/agencia de origen AR-LpoUNG
Lengua de catalogación spa
Centro/agencia transcriptor AR-LpoUNG
Normas de descripción aacr
041 ## - CÓDIGO DE LENGUA
Código de lengua del texto/banda sonora o título independiente rus
044 ## - CÓDIGO DEL PAÍS DE LA ENTIDAD EDITORA/PRODUCTORA
Código MARC del país ag
082 0# - NÚMERO DE LA CLASIFICACIÓN DECIMAL DEWEY
Número de clasificación 940.531 5 176inf
100 1# - ENTRADA PRINCIPAL--NOMBRE DE PERSONA
Nombre de persona Tarkovsky, Andrei
Término indicativo de función/relación dir.
245 13 - MENCIÓN DE TÍTULO
Título La infancia de Ivan
260 ## - PUBLICACIÓN, DISTRIBUCIÓN, ETC.
Lugar de publicación, distribución, etc. Buenos Aires :
Nombre del editor, distribuidor, etc. Cultural Video,
Fecha de publicación, distribución, etc. 1962.
300 ## - DESCRIPCIÓN FÍSICA
Extensión VHS (95 min.) : son., byn
505 0# - NOTA DE CONTENIDO CON FORMATO
Nota de contenido con formato guión: Vladimir Osopovitch, Mijail Papava ; fotografía: Vadim Yusov ; música: Viatcheslav Ovtchinnikov. - Basado en un relato de Bogomolov. Estreno en Antigua U.R.S.S., 1962.
520 ## - SUMARIO, ETC.
Sumario, etc. Es una historia de guerra y venganza. Ivan, un chico de 12 años, está determinado a vengar la muerte de su familia en manos de los nazis, y para ello se integra a un regimiento de partisanos rusos. Su pequeña talla le permite traspasar las líneas enemigas y pasar desapercibido. A pesar de que sus compañeros adultos desean sacarlo del frente, el chico permanecerá allí. Y para probar su valor, participará en misiones cada vez más arriesgadas.
650 #4 - PUNTO DE ACCESO ADICIONAL DE MATERIA--TÉRMINO DE MATERIA
Término de materia o nombre geográfico como elemento de entrada ALEMANIA
650 #4 - PUNTO DE ACCESO ADICIONAL DE MATERIA--TÉRMINO DE MATERIA
Término de materia o nombre geográfico como elemento de entrada GUERRA
650 #4 - PUNTO DE ACCESO ADICIONAL DE MATERIA--TÉRMINO DE MATERIA
Término de materia o nombre geográfico como elemento de entrada URSS
651 #4 - PUNTO DE ACCESO ADICIONAL DE MATERIA--NOMBRE GEOGRÁFICO
Nombre geográfico URSS
653 ## - TÉRMINO DE INDIZACIÓN--NO CONTROLADO
Término no controlado VIDEOS
905 ## - ELEMENTOS DE DATOS E LOCAL, LDE (RLIN)
a 16566
942 ## - ELEMENTOS DE PUNTO DE ACCESO ADICIONAL (KOHA)
Tipo de ítem Koha Video
Existencias
Estado de retiro Estado de pérdida Estado dañado No para préstamo Código de colección Localización permanente Ubicación/localización actual Fecha de adquisición Total de préstamos Signatura topográfica completa Código de barras Fecha visto por última vez Precio válido a partir de Tipo de ítem Koha
        Colección Cine Biblioteca Universidad Nacional de General Sarmiento Biblioteca Universidad Nacional de General Sarmiento 02/02/2021   940.531 5 176inf 00018386 02/02/2021 02/02/2021 Video